Statistics for NBA Franchise's All-Time Starting Fives

Click here to take the quiz!

General Stats

  • This quiz has been taken 2,945 times
  • The average score is 88 of 150

Answer Stats

TeamPositionPlayer% Correct
LakersSGKobe Bryant
98%
LakersPGMagic Johnson
97%
MagicCShaquille O'Neal
97%
LakersPFShaquille O'Neal
97%
HeatCShaquille O'Neal
97%
LakersCKareem Abdul-Jabbar
96%
BucksCKareem Abdul-Jabbar
96%
HeatSFLeBron James
96%
CavaliersSFLeBron James
96%
BullsSGMichael Jordan
95%
WarriorsPGStephen Curry
95%
PelicansSGDell Curry
94%
BullsSFScottie Pippen
93%
SpursPFTim Duncan
93%
ThunderSFKevin Durant
91%
76ersCWilt Chamberlain
91%
WarriorsCWilt Chamberlain
91%
SpursPGTony Parker
90%
BullsPFDennis Rodman
89%
CelticsSFLarry Bird
89%
SpursCDavid Robinson
87%
JazzPFKarl Malone
87%
CelticsCBill Russell
86%
HeatSGDwyane Wade
86%
NetsSFJulius Erving
86%
76ersSFJulius Erving
86%
RocketsPFMoses Malone
86%
MavericksSFDirk Nowitzki
85%
SpursSGManu Ginobili
85%
NuggetsSGDavid Thompson
84%
RocketsCHakeem Olajuwon
84%
TimberwolvesPFKevin Garnett
84%
BullsPGDerrick Rose
83%
PistonsPGIsiah Thomas
83%
JazzPGJohn Stockton
83%
NuggetsPGAllen Iverson
82%
76ersPGAllen Iverson
82%
PelicansPGChris Paul
82%
ClippersPGChris Paul
82%
GrizzliesCPau Gasol
82%
SunsSGKevin Johnson
80%
PelicansPFLarry Johnson
80%
WizardsPGJohn Wall
79%
SunsPGSteve Nash
79%
NetsPGJason Kidd
78%
MavericksPGJason Kidd
78%
KnicksCPatrick Ewing
77%
CavaliersSGAustin Carr
75%
SunsPFCharles Barkley
75%
76ersPFCharles Barkley
75%
RocketsSFClyde Drexler
75%
Trail BlazersSFClyde Drexler
75%
Trail BlazersPGDamian Lillard
75%
ThunderPGGary Payton
75%
ThunderSGRay Allen
74%
BucksSFRay Allen
74%
PacersSGReggie Miller
74%
RaptorsPFChris Bosh
73%
KingsPGOscar Robertson
73%
GrizzliesSGTony Allen
73%
CelticsPGBob Cousy
72%
MagicPGPenny Hardaway
72%
RaptorsPFTracy McGrady
72%
RocketsSGTracy McGrady
72%
MagicSGTracy McGrady
72%
TimberwolvesCKevin Love
71%
HeatPGTim Hardaway
71%
LakersSFElgin Baylor
69%
NetsSGVince Carter
69%
RaptorsSGVince Carter
69%
HawksSFDominique Wilkins
68%
PistonsPFBen Wallace
67%
CelticsPFKevin McHale
67%
HornetsSFGerald Wallace
66%
CelticsSGJohn Havlicek
64%
GrizzliesPGMike Conley
64%
ThunderPFShawn Kemp
64%
HeatPFAlonzo Mourning
63%
PelicansCAlonzo Mourning
63%
SpursSFGeorge Gervin
63%
WarriorsSFRick Barry
62%
PistonsSGJoe Dumars
61%
HornetsPGKemba Walker
61%
RaptorsPGKyle Lowry
60%
WarriorsSGChris Mullin
58%
MagicPFDwight Howard
58%
Trail BlazersCBill Walton
57%
KnicksPGWalt Frazier
57%
PistonsCBill Laimbeer
55%
KingsCChris Webber
55%
NuggetsCDikembe Mutombo
55%
HawksCDikembe Mutombo
55%
SunsCAmar'e Stoudemire
54%
HawksPFBob Pettit
52%
WizardsCWes Unseld
52%
CavaliersPGMark Price
51%
GrizzliesPFZach Randolph
51%
ClippersSFRandy Smith
49%
NuggetsSFAlex English
46%
ClippersCBob McAdoo
46%
KnicksPFWillis Reed
46%
WizardsPFElvin Hayes
45%
NetsCBrook Lopez
44%
MagicSFGrant Hill
43%
PistonsSFGrant Hill
43%
JazzSGPete Maravich
41%
JazzCMark Eaton
39%
Trail BlazersPFLaMarcus Aldridge
38%
MavericksCTyson Chandler
38%
KingsSFPeja Stojakovic
37%
ThunderCSerge Ibaka
36%
MavericksSGJason Terry
34%
PacersPGMark Jackson
34%
BullsCHorace Grant
33%
JazzSFAdrian Dantley
31%
WizardsSGGilbert Arenas
31%
BucksPGSam Cassell
31%
WizardsSFBernard King
30%
KnicksSFBernard King
30%
WarriorsPFNate Thurmond
30%
PacersCRik Smits
27%
BucksSGSidney Moncrief
27%
76ersSGHal Greer
26%
KingsSGMitch Richmond
25%
CavaliersCBrady Daugherty
24%
TimberwolvesSFAndrew Wiggins
23%
KnicksSGEarl Monroe
23%
RocketsPGSteve Francis
23%
ClippersPFElton Brand
22%
CavaliersPFLarry Nance
22%
HornetsPFAl Jefferson
19%
KingsPFJerry Lucas
19%
MavericksSFMichael Finley
17%
TimberwolvesPGStephon Marbury
16%
Trail BlazersSGTerry Porter
16%
GrizzliesSFShareef Abdur-Rahim
14%
RaptorsCCharles Oakley
13%
NuggetsPFDan Issel
13%
HawksPGDoc Rivers
13%
HawksSGLou Hudson
13%
PacersSFDetlef Schrempf
12%
ClippersSGJamal Crawford
11%
HornetsSGJason Richardson
11%
SunsSFDan Majerle
10%
PelicansSFJamal Mashburn
9%
NetsPFDerrick Coleman
8%
HornetsCEmeka Okafor
8%
BucksPFTerry Cummings
7%
PacersPFGeorge McGinnis
5%
TimberwolvesSGIsaiah Rider
3%

Score Distribution

Percentile by Number Answered

Percent of People with Each Score

Your Score History

You have not taken this quiz